000 00304nam a22001337a 4500
008 171009b xxu||||| |||| 00| 0 eng d
020 _a0669098078
041 _aeng
080 _a159.9
100 _a49
101 _aPSI
245 _aPERSONAL VALUES& CONSUMER PSYCHOLOGY
_cPITTS,R.E
942 _2udc
_cBK
999 _c32464
_d32464